| 000 | 01245cam a22003732 4500 | ||
|---|---|---|---|
| 999 |
_c80187 _d80187 |
||
| 001 | 1116787873 | ||
| 003 | DE-627 | ||
| 005 | 20201126114846.0 | ||
| 007 | tu | ||
| 008 | 950725s1925 xx ||||| m 00| ||ger c | ||
| 035 | _a(DE-627)1116787873 | ||
| 035 | _a(DE-576)046787879 | ||
| 035 | _a(DE-599)BSZ046787879 | ||
| 035 | _a(OCoLC)03662096 | ||
| 035 | _a(DE-604)8022867066 | ||
| 040 |
_aDE-627 _bger _cDE-627 _erakwb _dSTAFF |
||
| 041 | _ager | ||
| 084 |
_a9,10 _2ssgn |
||
| 084 |
_aLK 78252 _2rvk _0(DE-625)rvk/98211:13313 |
||
| 100 | 1 |
_aBoll, Walter _4aut |
|
| 245 | 1 | 4 |
_aDie Schönbornkapelle am Würzburger Dom _bein Beitrag zur Kunstgeschichte des XVIII. Jahrhunderts _cvon Walter Boll |
| 246 | 3 | 0 | _a18. achzehnten |
| 264 | 1 |
_aMünchen _bMüller _c1925 |
|
| 300 |
_aXII, 164 S. _b73 Taf. |
||
| 336 |
_aText _btxt _2rdacontent |
||
| 337 |
_aohne Hilfsmittel zu benutzen _bn _2rdamedia |
||
| 338 |
_aBand _bnc _2rdacarrier |
||
| 502 | _aZugl.: Würzburg, Univ., Diss., 1921 | ||
| 655 | 7 |
_aHochschulschrift _0(DE-588)4113937-9 _0(DE-627)105825778 _0(DE-576)209480580 _2gnd-content |
|
| 951 | _aBO | ||
| 751 |
_aWürzburg _0(DE-588)4067037-5 _0(DE-627)10611073X _0(DE-576)209167939 _4uvp |
||
| 942 |
_2z _cBK |
||